00527nam a22001937a 450000500170000001000130001702000100003003500130004003700160005304000120006908200160008110000180009724500600011526000460017527000490022130000190027065000260028965000180031520170124110054.0 aA-895116 c00.00 aA-895116 bCen Lib/Ret aDPLbEN a358.15bKHU aKhurshid Ali  aFundamentals of financial management /cby Khurshid Ali aBombay bHimalaya Publishing House c1997 aDr. bhalerao marg, girgaon bBombay e400004 a375pc20cm(Hb) aFinancial management  aFundamentals